[Event "2nd Marlboro it"]
[Site "Manila PHI"]
[Date "1974.10.05"]
[Round "1"]
[White "Pfleger, Helmut"]
[Black "Torre, Eugenio"]
[Result "0-1"]
[WhiteElo "2535"]
[BlackElo "2450"]
[EventDate "1974.10.05"]
[PlyCount "86"]

1.e4 d6 2.d4 Nf6 3.Nc3 g6 4.f4 Bg7 5.e5 Nfd7 6.Nf3 c5 7.exd6 O-O 8.dxe7 
Qxe7+ 9.Be2 cxd4 10.Nb5 Nc6 11.O-O a6 12.Nbxd4 Nxd4 13.Nxd4 Bxd4+ 14.Qxd4 
Qxe2 15.Bd2 Qb5 16.Bb4 Qb6 17.Qxb6 Nxb6 18.Bxf8 Kxf8 19.b3 Be6 20.c4 a5 
21.Rad1 a4 22.Rd6 Nc8 23.Rd3 Ne7 24.Rfd1 Nc6 25.Kf2 Ke7 26.R1d2 h5 27.Re3 
Kf6 28.Red3 axb3 29.axb3 Ra3 30.Re3 Na5 31.Rdd3 Ra2+ 32.Kf3 Rb2 33.h3 h4 
34.Rc3 Bf5 35.g4 hxg3 36.Kxg3 Nc6 37.c5 Nd4 38.Rc4 Ne2+ 39.Kf3 Ng1+ 40.Kg3
Bxh3 41.Kh4 Be6 42.c6 bxc6 43.Rxc6 Rg2 0-1

[Event "2nd Marlboro it"]
[Site "Manila PHI"]
[Date "1974.10.05"]
[Round "1"]
[White "Larsen, Bent"]
[Black "Ljubojevic, Ljubomir"]
[Result "1/2-1/2"]
[WhiteElo "2630"]
[BlackElo "2605"]
[EventDate "1974.10.05"]
[PlyCount "46"]

1.d4 Nf6 2.Nf3 e6 3.g3 b5 4.Bg2 Bb7 5.O-O c5 6.Bg5 Qb6 7.a4 Nc6 8.dxc5 
Bxc5 9.axb5 Qxb5 10.Nc3 Qb4 11.Ra3 Nd4 12.Nxd4 Bxg2 13.Ndb5 Bxf1 14.Ra4 
Bxe2 15.Qxe2 Qxb2 16.Qf3 Rb8 17.Ra2 Qb4 18.Nc7+ Kf8 19.Bxf6 gxf6 20.Na6 
Qb6 21.Nxb8 Qxb8 22.Qxf6 Rg8 23.Ne4 Qb1+ 1/2-1/2

[Event "2nd Marlboro it"]
[Site "Manila PHI"]
[Date "1974.10.05"]
[Round "1"]
[White "Portisch, Lajos"]
[Black "Gheorghiu, Florin"]
[Result "1-0"]
[WhiteElo "2645"]
[BlackElo "2540"]
[EventDate "1974.10.05"]
[PlyCount "65"]

1.d4 Nf6 2.c4 g6 3.Nc3 d5 4.Nf3 Bg7 5.Qb3 dxc4 6.Qxc4 O-O 7.e4 Bg4 8.Be3 
Nfd7 9.Qb3 Nb6 10.Rd1 Nc6 11.d5 Ne5 12.Be2 Nxf3+ 13.gxf3 Bh5 14.Rg1 Qd7 
15.Rg3 c6 16.dxc6 Qxc6 17.Nb5 Nc8 18.Rd5 Kh8 19.Rc5 Qf6 20.Bd4 Qh4 21.
Bxg7+ Kxg7 22.Qc3+ Kg8 23.Nc7 Rb8 24.Rcg5 f6 25.Ne6 Re8 26.f4 Bxe2 27.Rh3 
Qxg5 28.Nxg5 fxg5 29.Kxe2 gxf4 30.Qc4+ Kg7 31.Rxh7+ Kxh7 32.Qf7+ Kh6 33.
Qxe8 1-0

[Event "2nd Marlboro it"]
[Site "Manila PHI"]
[Date "1974.10.05"]
[Round "1"]
[White "Kavalek, Lubomir"]
[Black "Petrosian, Tigran"]
[Result "1/2-1/2"]
[WhiteElo "2625"]
[BlackElo "2640"]
[EventDate "1974.10.05"]
[PlyCount "23"]

1.e4 e6 2.d4 d5 3.Nc3 Bb4 4.e5 b6 5.a3 Bxc3+ 6.bxc3 Qd7 7.a4 Ba6 8.Bxa6 
Nxa6 9.Qg4 f5 10.Qh5+ g6 11.Qe2 Nb8 12.h4 1/2-1/2

[Event "2nd Marlboro it"]
[Site "Manila PHI"]
[Date "1974.10.05"]
[Round "1"]
[White "Quinteros, Miguel Angel"]
[Black "Andersson, Ulf"]
[Result "1/2-1/2"]
[WhiteElo "2495"]
[BlackElo "2580"]
[EventDate "1974.10.05"]
[PlyCount "53"]

1.d4 Nf6 2.c4 e6 3.g3 Be7 4.Bg2 d5 5.Nf3 O-O 6.O-O c6 7.Nc3 Nbd7 8.b3 b6 
9.Qc2 Ba6 10.Nd2 b5 11.cxb5 cxb5 12.a3 Qb6 13.Bb2 Rfc8 14.Qd1 b4 15.Na4 
Qb5 16.Re1 bxa3 17.Bxa3 Bxa3 18.Rxa3 Qb4 19.Nb1 Bb5 20.Bf3 Rab8 21.Qd2 
Qxd2 22.Nxd2 Rc2 23.Nf1 g6 24.Ne3 Rd2 25.Rd1 Rxd1+ 26.Nxd1 Bxa4 27.Rxa4 
1/2-1/2

[Event "2nd Marlboro it"]
[Site "Manila PHI"]
[Date "1974.10.05"]
[Round "1"]
[White "Vasiukov, Evgeny"]
[Black "Naranja, Renato"]
[Result "1-0"]
[WhiteElo "2560"]
[BlackElo "2395"]
[EventDate "1974.10.05"]
[PlyCount "149"]

1.d4 d5 2.c4 e6 3.Nc3 Nf6 4.Bg5 Be7 5.e3 O-O 6.Nf3 Nc6 7.Rc1 Ne4 8.Bxe7 
Nxe7 9.Bd3 f5 10.O-O c6 11.Ne5 Ng6 12.Nxg6 hxg6 13.Ne2 Bd7 14.f3 Nd6 15.c5
Nf7 16.f4 b5 17.Qe1 a5 18.Nc3 Be8 19.h3 Ra7 20.Rd1 Kh7 21.Rd2 Rh8 22.g4 
Kg8 23.Qg3 Qh4 24.Kg2 Qxg3+ 25.Kxg3 Kf8 26.Rg2 Nh6 27.Ne2 Rc7 28.Ng1 Ng8 
29.Nf3 Nf6 30.Ne5 Nd7 31.Nf3 Nf6 32.Rfg1 Bf7 33.Rh2 Ke7 34.Kf2 Rcc8 35.
gxf5 gxf5 36.Rxg7 Rcg8 37.Rxg8 Rxg8 38.Ne5 Be8 39.Rg2 Rxg2+ 40.Kxg2 Ng8 
41.Kg3 Kf6 42.Be2 Ne7 43.a4 Kg7 44.Bd1 Kh6 45.Nd3 Bh5 46.Bxh5 Kxh5 47.Ne5 
bxa4 48.Kf3 Kh4 49.Kg2 Kh5 50.Kg3 Kh6 51.Nf7+ Kg6 52.Nd8 Kh5 53.Kg2 Kg6 
54.Nxe6 Nc8 55.Nf8+ Kh5 56.Nd7 Na7 57.Ne5 a3 58.bxa3 a4 59.Kg3 Nb5 60.Nxc6
Nxa3 61.Nb4 Nc4 62.c6 a3 63.c7 Nd6 64.Kf2 Kh4 65.Ke2 Kxh3 66.Nc2 a2 67.Kd2
Kg3 68.Kc1 Kf3 69.Kb2 Ke4 70.Kxa2 Kd3 71.Kb3 Nc8 72.Kb4 Kxc2 73.Kc5 Kd3 
74.Kxd5 Na7 75.Kc5 1-0

[Event "2nd Marlboro it"]
[Site "Manila PHI"]
[Date "1974.10.06"]
[Round "2"]
[White "Andersson, Ulf"]
[Black "Portisch, Lajos"]
[Result "1-0"]
[WhiteElo "2580"]
[BlackElo "2645"]
[EventDate "1974.10.05"]
[PlyCount "167"]

1.Nf3 Nf6 2.c4 g6 3.g3 Bg7 4.Bg2 d5 5.cxd5 Nxd5 6.Nc3 Nc6 7.O-O O-O 8.Nxd5
Qxd5 9.d3 Qb5 10.Rb1 a5 11.b3 e5 12.Bb2 a4 13.bxa4 Qxa4 14.a3 Qxd1 15.
Rfxd1 Nd4 16.Nxd4 exd4 17.Rdc1 c6 18.Rc4 Rd8 19.a4 Bg4 20.Kf1 Rd7 21.Rb4 
Ra7 22.Ra1 Ra5 23.h3 Be6 24.h4 Bg4 25.Bc1 h6 26.Bd2 Re5 27.f3 Bf5 28.f4 
Re8 29.Bf3 Rde7 30.Rab1 Bc8 31.Be1 h5 32.Bf2 Rd8 33.a5 Rc7 34.Kg2 Rcd7 35.
Rc4 Re7 36.Rb2 Bg4 37.Rcb4 Rdd7 38.Rb6 Rc7 39.Rc2 Red7 40.Rc4 Bxf3+ 41.
Kxf3 Rd5 42.a6 bxa6 43.Rcxc6 Rxc6 44.Rxc6 a5 45.Rc8+ Kh7 46.Ke4 Rd7 47.Ra8
f5+ 48.Kf3 Bf6 49.Rxa5 Kg7 50.Ra6 Kf7 51.Be1 Rd5 52.Bb4 Rb5 53.Bd6 Rd5 54.
Rc6 Rb5 55.Bc7 Rd5 56.Kf2 Rb5 57.Bd6 Ra5 58.Rb6 Rd5 59.Bb4 Bd8 60.Rc6 Rb5 
61.Rc4 Rd5 62.Kf3 Bf6 63.Ba3 Rd7 64.Bb2 Rd6 65.Rb4 Ke6 66.Ra4 Kf7 67.Ba3 
Rd5 68.Ra7+ Ke6 69.Rb7 Bd8 70.Rg7 Kf6 71.Ra7 Ra5 72.Bb2 Rxa7 73.Bxd4+ Ke6 
74.Bxa7 Ba5 75.Bf2 Kd5 76.e4+ Kc6 77.d4 Kd6 78.Ke3 Bb4 79.Kd3 Ba3 80.d5 
Bc1 81.Ba7 Ba3 82.Bb8+ Kc5 83.d6 Kc6 84.e5 1-0

[Event "2nd Marlboro it"]
[Site "Manila PHI"]
[Date "1974.10.06"]
[Round "2"]
[White "Torre, Eugenio"]
[Black "Larsen, Bent"]
[Result "0-1"]
[WhiteElo "2450"]
[BlackElo "2630"]
[EventDate "1974.10.05"]
[PlyCount "154"]

1.e4 c5 2.Nf3 e6 3.d4 cxd4 4.Nxd4 Nf6 5.Nc3 d6 6.Be2 Be7 7.O-O Nc6 8.Be3 
Bd7 9.Ndb5 Qb8 10.a4 O-O 11.f4 Rc8 12.Kh1 Nb4 13.Bf3 a6 14.Nd4 e5 15.fxe5 
dxe5 16.Nf5 Bxf5 17.exf5 e4 18.Bxe4 Nxe4 19.Nxe4 Qe5 20.Qg4 h5 21.Qf3 Nxc2
22.f6 Nxe3 23.Qxe3 Bd6 24.Qg3 Qxg3 25.hxg3 Be5 26.fxg7 Kxg7 27.Rf5 f6 28.
Raf1 Rc6 29.b3 Kg6 30.R5f3 Rd8 31.Nf2 Rc3 32.Rxc3 Bxc3 33.Nh3 Be5 34.Nf4+ 
Kh6 35.Kh2 Rd2 36.Rf3 Rd1 37.Nd3 Kg6 38.Nf4+ Kg5 39.Nh3+ Kh6 40.Nf2 Rb1 
41.Ne4 Kg6 42.Nd2 Rd1 43.Nc4 Bb8 44.Ne3 Rb1 45.Nf1 Be5 46.Nd2 Rc1 47.Nc4 
Bc7 48.Ne3 b5 49.axb5 axb5 50.Nd5 Be5 51.Ne3 Rb1 52.Nf1 Rb2 53.Kh3 Kg5 54.
Nh2 Rb1 55.Rd3 Kf5 56.Rf3+ Kg5 57.Re3 Kg6 58.Rf3 b4 59.Nf1 Bc3 60.g4 hxg4+
61.Kxg4 Rxb3 62.Rd3 Ra3 63.Kf3 Be5 64.Ke2 Rxd3 65.Kxd3 b3 66.Nd2 b2 67.Kc2
Kf5 68.Kd3 Kf4 69.Ke2 Kg3 70.Kf1 f5 71.Nb1 Bd6 72.Nc3 Bb4 73.Nb1 Ba5 74.
Na3 Bc3 75.Nb1 Bb4 76.Kg1 f4 77.Kf1 f3 0-1

[Event "2nd Marlboro it"]
[Site "Manila PHI"]
[Date "1974.10.06"]
[Round "2"]
[White "Petrosian, Tigran"]
[Black "Quinteros, Miguel Angel"]
[Result "1-0"]
[WhiteElo "2640"]
[BlackElo "2495"]
[EventDate "1974.10.05"]
[PlyCount "81"]

1.d4 g6 2.c4 Bg7 3.Nc3 d6 4.Nf3 Nd7 5.g3 e5 6.Bg2 Ngf6 7.O-O O-O 8.e4 Re8 
9.h3 exd4 10.Nxd4 Nc5 11.Re1 a5 12.Rb1 c6 13.Bf4 a4 14.b3 axb3 15.axb3 h6 
16.Qc2 Ne6 17.Nxe6 Rxe6 18.Red1 g5 19.Be3 Qe7 20.Ra1 Rxa1 21.Rxa1 Qc7 22.
Rd1 Qa5 23.Ne2 Qc7 24.b4 Re8 25.Qd3 Nd7 26.Nd4 Ne5 27.Qc2 Qe7 28.b5 Bd7 
29.Nf5 Bxf5 30.exf5 Rc8 31.Qe4 Kf8 32.Kh1 Bf6 33.Bc1 Nd7 34.bxc6 bxc6 35.
Qd3 Be5 36.Ba3 Nc5 37.Qe3 Qf6 38.f4 gxf4 39.gxf4 Bb2 40.Rxd6 Re8 41.Rxf6 
1-0

[Event "2nd Marlboro it"]
[Site "Manila PHI"]
[Date "1974.10.06"]
[Round "2"]
[White "Gligoric, Svetozar"]
[Black "Pfleger, Helmut"]
[Result "1/2-1/2"]
[WhiteElo "2585"]
[BlackElo "2535"]
[EventDate "1974.10.05"]
[PlyCount "37"]

1.d4 d6 2.e4 Nf6 3.Nc3 g6 4.Nf3 Bg7 5.Be2 O-O 6.O-O Bg4 7.Be3 Nc6 8.d5 
Bxf3 9.Bxf3 Ne5 10.Be2 c6 11.f4 Ned7 12.Bf3 cxd5 13.exd5 a6 14.a4 Qa5 15.
Bd4 Rac8 16.Qd3 Rc7 17.Ne2 Qb4 18.c3 Nc5 19.Bxc5 1/2-1/2

[Event "2nd Marlboro it"]
[Site "Manila PHI"]
[Date "1974.10.06"]
[Round "2"]
[White "Kraidman, Yair"]
[Black "Vasiukov, Evgeny"]
[Result "0-1"]
[WhiteElo "2470"]
[BlackElo "2560"]
[EventDate "1974.10.05"]
[PlyCount "58"]

1.d4 Nf6 2.c4 c5 3.d5 d6 4.Nc3 g6 5.e4 Bg7 6.Nf3 O-O 7.Be2 e6 8.O-O Re8 9.
Re1 Na6 10.dxe6 Bxe6 11.Bg5 h6 12.Bf4 Qb6 13.b3 Bg4 14.h3 Bd7 15.e5 dxe5 
16.Nxe5 Rad8 17.Qc1 Bf5 18.Bg4 Bxg4 19.hxg4 Nb4 20.Re3 Rd4 21.Rf3 Qe6 22.
Bg3 Nxg4 23.Nxg4 Rxg4 24.Rb1 h5 25.a3 Nc6 26.Nd5 Nd4 27.Nc7 Nxf3+ 28.gxf3 
Rxg3+ 29.fxg3 Qh3 0-1

[Event "2nd Marlboro it"]
[Site "Manila PHI"]
[Date "1974.10.06"]
[Round "2"]
[White "Naranja, Renato"]
[Black "Cardoso, Rodolfo Tan"]
[Result "0-1"]
[WhiteElo "2395"]
[BlackElo "2385"]
[EventDate "1974.10.05"]
[PlyCount "68"]

1.c4 e5 2.Nc3 Nf6 3.Nf3 Nc6 4.g3 Bb4 5.Bg2 O-O 6.O-O e4 7.Ng5 Bxc3 8.bxc3 
Re8 9.d3 exd3 10.exd3 h6 11.Nf3 b6 12.Re1 Bb7 13.Bf4 d6 14.Qd2 Ne7 15.h3 
Qd7 16.Kh2 Ng6 17.Be3 c5 18.a4 Rad8 19.a5 Bxf3 20.Bxf3 Ne5 21.Bg2 Qf5 22.
axb6 axb6 23.f4 Nxd3 24.g4 Qh7 25.Red1 Nb2 26.Qxb2 Rxe3 27.Qxb6 Rde8 28.f5
h5 29.g5 Qxf5 30.gxf6 Re2 31.Qb7 Qf4+ 32.Kh1 R8e3 33.Qb8+ Kh7 34.Qxd6 
Rxh3+ 0-1

[Event "2nd Marlboro it"]
[Site "Manila PHI"]
[Date "1974.10.07"]
[Round "3"]
[White "Gheorghiu, Florin"]
[Black "Andersson, Ulf"]
[Result "1-0"]
[WhiteElo "2540"]
[BlackElo "2580"]
[EventDate "1974.10.05"]
[PlyCount "67"]

1.d4 Nf6 2.c4 c5 3.d5 g6 4.Nc3 Bg7 5.e4 d6 6.Bd3 O-O 7.h3 e6 8.Nf3 exd5 9.
exd5 Re8+ 10.Be3 Bh6 11.O-O Bxe3 12.fxe3 Qe7 13.e4 Nbd7 14.Rf2 Rf8 15.Qd2 
Ne8 16.Raf1 a6 17.a3 Ra7 18.Bc2 f6 19.b4 b6 20.Ba4 Ng7 21.Bc6 Rc7 22.Na4 
Nh5 23.Bxd7 Bxd7 24.Nxb6 Ng3 25.Re1 Be8 26.e5 fxe5 27.Nxe5 Qg7 28.Rxf8+ 
Qxf8 29.Ng4 Nh5 30.Qe3 Ng7 31.bxc5 dxc5 32.Qe5 Rb7 33.Nh6+ Kh8 34.Rf1 1-0

[Event "2nd Marlboro it"]
[Site "Manila PHI"]
[Date "1974.10.07"]
[Round "3"]
[White "Quinteros, Miguel Angel"]
[Black "Ljubojevic, Ljubomir"]
[Result "0-1"]
[WhiteElo "2495"]
[BlackElo "2605"]
[EventDate "1974.10.05"]
[PlyCount "56"]

1.d4 Nf6 2.c4 e6 3.g3 c5 4.Nf3 b6 5.Bg2 Bb7 6.O-O Be7 7.Nc3 cxd4 8.Qxd4 
O-O 9.Rd1 d6 10.b3 Nbd7 11.Bb2 a6 12.Nd2 Bxg2 13.Kxg2 Rb8 14.a4 Qc7 15.
Rac1 Nc5 16.e4 Rfd8 17.f3 Ne8 18.Qe3 Bf6 19.Rc2 Qb7 20.Ra1 Rbc8 21.b4 Nd7 
22.Ne2 b5 23.Bxf6 Nexf6 24.axb5 axb5 25.Rb1 Ne5 26.c5 dxc5 27.bxc5 Rd3 28.
Qf4 Ng6 0-1

[Event "2nd Marlboro it"]
[Site "Manila PHI"]
[Date "1974.10.07"]
[Round "3"]
[White "Portisch, Lajos"]
[Black "Petrosian, Tigran"]
[Result "1/2-1/2"]
[WhiteElo "2645"]
[BlackElo "2640"]
[EventDate "1974.10.05"]
[PlyCount "113"]

1.c4 g6 2.e4 Bg7 3.d4 d6 4.Nc3 e5 5.Nge2 Nc6 6.d5 Nce7 7.Ng3 a5 8.Be2 b6 
9.Be3 h5 10.h4 Nh6 11.Qd2 Ng4 12.Bxg4 Bxg4 13.f3 Bd7 14.O-O-O Ng8 15.Nge2 
Nh6 16.Nb5 Kf8 17.Nec3 Kg8 18.b3 f5 19.Kb2 Nf7 20.a3 Bf6 21.Bf2 Rh7 22.b4 
Rg7 23.Kb3 Be7 24.Qe2 Qc8 25.Be3 Qb7 26.Bd2 Bf6 27.Rb1 Kh7 28.Qd3 Kh8 29.
Ne2 axb4 30.axb4 Rgg8 31.Nec3 f4 32.Ra1 Rgc8 33.Qe2 Rxa1 34.Rxa1 Bxh4 35.
Ra7 Qb8 36.Qf1 Be7 37.Qa1 Nd8 38.Be1 Kg7 39.Bf2 Kf8 40.Qa6 Be8 41.Na3 g5 
42.Nab5 h4 43.Qa1 Nf7 44.Ra6 Bd7 45.Na7 Re8 46.Nc6 Qc8 47.Ra7 Bxc6 48.dxc6
g4 49.fxg4 Qxg4 50.Qh1 Bd8 51.Ka4 Re6 52.Nd5 Qe2 53.Nxc7 Bxc7 54.Rxc7 Qxc4
55.Qxh4 Qa6+ 56.Kb3 Qd3+ 57.Kb2 1/2-1/2

[Event "2nd Marlboro it"]
[Site "Manila PHI"]
[Date "1974.10.07"]
[Round "3"]
[White "Cardoso, Rodolfo Tan"]
[Black "Kraidman, Yair"]
[Result "0-1"]
[WhiteElo "2385"]
[BlackElo "2470"]
[EventDate "1974.10.05"]
[PlyCount "74"]

1.e4 c5 2.Nf3 Nc6 3.d4 cxd4 4.Nxd4 g6 5.Be3 Bg7 6.Nc3 Nf6 7.f3 O-O 8.Nb3 
d6 9.Qd2 Be6 10.O-O-O a5 11.Na4 Nd7 12.h4 Qc7 13.Kb1 Nb4 14.Bb5 Rfc8 15.
Rc1 Nc5 16.Nbxc5 Bxa2+ 17.Ka1 dxc5 18.Bf4 e5 19.Be3 Be6 20.Bxc5 Rd8 21.Qf2
Bd7 22.Bb6 Qc8 23.Bxd8 Bxb5 24.Nc3 Qxd8 25.Nxb5 Qe8 26.c4 Nd3 27.Qc2 Nxc1 
28.Rxc1 Qd8 29.g3 Qb6 30.Qd2 a4 31.Qd5 Rd8 32.c5 Rxd5 33.cxb6 Rxb5 34.Rc4 
Rxb6 35.Rxa4 Rb3 36.f4 Rxg3 37.Ra8+ Bf8 0-1

[Event "2nd Marlboro it"]
[Site "Manila PHI"]
[Date "1974.10.07"]
[Round "3"]
[White "Pfleger, Helmut"]
[Black "Naranja, Renato"]
[Result "1-0"]
[WhiteElo "2535"]
[BlackElo "2395"]
[EventDate "1974.10.05"]
[PlyCount "73"]

1.d4 Nf6 2.g3 d5 3.Bg2 c6 4.Nf3 Bf5 5.c4 e6 6.O-O Be7 7.Nc3 h6 8.Nd2 O-O 
9.e4 dxe4 10.Ndxe4 Nxe4 11.Nxe4 Nd7 12.Nc3 Nf6 13.Be3 Qa5 14.Qe2 Bb4 15.
Bd2 Qd8 16.a3 Bd6 17.Rad1 Re8 18.Rfe1 Rc8 19.Bc1 Qc7 20.b4 Qb8 21.Ne4 Nxe4
22.Bxe4 Bxe4 23.Qxe4 b5 24.c5 Bf8 25.Qg4 Kh7 26.Re5 g6 27.h4 Bg7 28.h5 
Bxe5 29.hxg6+ fxg6 30.dxe5 Rcd8 31.Rd6 Rxd6 32.cxd6 Qd8 33.Qf4 g5 34.Qf7+ 
Kh8 35.Qg6 Qd7 36.Qxh6+ Qh7 37.d7 1-0

[Event "2nd Marlboro it"]
[Site "Manila PHI"]
[Date "1974.10.09"]
[Round "4"]
[White "Torre, Eugenio"]
[Black "Quinteros, Miguel Angel"]
[Result "1-0"]
[WhiteElo "2450"]
[BlackElo "2495"]
[EventDate "1974.10.05"]
[PlyCount "63"]

1.e4 c5 2.Nf3 e6 3.d4 cxd4 4.Nxd4 Nf6 5.Nc3 d6 6.Be2 Be7 7.O-O O-O 8.f4 
Nc6 9.Be3 e5 10.Nf5 Bxf5 11.exf5 exf4 12.Rxf4 d5 13.Kh1 Re8 14.Qg1 Bd6 15.
Rh4 Be5 16.Bf3 Ne4 17.Rh3 Bxc3 18.bxc3 Nxc3 19.Rg3 Qf6 20.Bg5 Qxf5 21.Rf1 
Ne4 22.Bxe4 Qxe4 23.Qf2 Ne5 24.Bh6 f5 25.Rxg7+ Kh8 26.Qg3 Ng6 27.Rxb7 Re7 
28.Rb8+ Re8 29.Qd6 Qe5 30.Qxe5+ Nxe5 31.Rxe8+ Rxe8 32.Re1 1-0

[Event "2nd Marlboro it"]
[Site "Manila PHI"]
[Date "1974.10.09"]
[Round "4"]
[White "Ljubojevic, Ljubomir"]
[Black "Portisch, Lajos"]
[Result "1-0"]
[WhiteElo "2605"]
[BlackElo "2645"]
[EventDate "1974.10.05"]
[PlyCount "105"]

1.e4 e5 2.Nf3 Nc6 3.Bb5 a6 4.Ba4 Nf6 5.O-O Be7 6.Re1 b5 7.Bb3 d6 8.c3 O-O 
9.h3 Nb8 10.d4 Nbd7 11.Bg5 Bb7 12.Nbd2 Re8 13.Bh4 h6 14.Bg3 Bf8 15.Nh4 c5 
16.dxe5 Nxe5 17.Bc2 g6 18.Nhf3 Nxf3+ 19.Qxf3 Re6 20.a4 Rc8 21.axb5 axb5 
22.Qd1 Qb6 23.f3 Rd8 24.Bf2 Bg7 25.Nb3 Bf8 26.Qd2 Rde8 27.Na5 Ba8 28.b4 
Qc7 29.Nb3 Nd7 30.Ra6 Bb7 31.Ra7 Ra8 32.Rea1 Rxa7 33.Rxa7 Qb8 34.Ra2 Qc7 
35.Bd1 Re8 36.Be2 Bc6 37.Ra6 Nb8 38.Ra5 cxb4 39.cxb4 d5 40.exd5 Bxd5 41.
Bxb5 Rd8 42.Nd4 Qb7 43.Nc2 Qc8 44.Bb6 Rd6 45.Bc5 Rd8 46.Bxf8 Rxf8 47.Bd3 
Rd8 48.Qxh6 Be6 49.Bxg6 fxg6 50.Qxg6+ Kf8 51.Qf6+ Ke8 52.Re5 Rd6 53.Nd4 
1-0

[Event "2nd Marlboro it"]
[Site "Manila PHI"]
[Date "1974.10.09"]
[Round "4"]
[White "Petrosian, Tigran"]
[Black "Gheorghiu, Florin"]
[Result "1/2-1/2"]
[WhiteElo "2640"]
[BlackElo "2540"]
[EventDate "1974.10.05"]
[PlyCount "80"]

1.c4 g6 2.e4 c5 3.Nf3 Bg7 4.d4 Qa5+ 5.Nc3 Nc6 6.d5 Nd4 7.Bd2 Nxf3+ 8.Qxf3 
d6 9.Bd3 Nf6 10.Qe2 O-O 11.O-O e6 12.Kh1 Qd8 13.dxe6 Bxe6 14.Rad1 a6 15.
Bg5 h6 16.Bc1 Re8 17.f3 Qe7 18.Bc2 Red8 19.a4 Re8 20.Be3 Rad8 21.Bb3 Kh7 
22.Qd2 Qc7 23.Ba2 Qa5 24.Qc2 Qb6 25.b3 Qa5 26.Bd2 Qc7 27.Bb1 Bd7 28.Be1 
Bc6 29.Bh4 Rd7 30.Qd2 Qa5 31.Be1 Qb6 32.Bc2 Qd8 33.Bd3 Rde7 34.Bh4 Rd7 35.
Qc2 Kg8 36.Ne2 Qe7 37.Nc3 Qd8 38.Rb1 Qe7 39.Rbe1 g5 40.Bf2 Nh5 1/2-1/2

[Event "2nd Marlboro it"]
[Site "Manila PHI"]
[Date "1974.10.09"]
[Round "4"]
[White "Gligoric, Svetozar"]
[Black "Kavalek, Lubomir"]
[Result "1/2-1/2"]
[WhiteElo "2585"]
[BlackElo "2625"]
[EventDate "1974.10.05"]
[PlyCount "46"]

1.d4 Nf6 2.c4 g6 3.Nc3 Bg7 4.e4 d6 5.f3 Nc6 6.Be3 O-O 7.Nge2 Rb8 8.Nc1 e5 
9.Nb3 exd4 10.Nxd4 Re8 11.Qd2 d5 12.cxd5 Nxd5 13.Nxd5 Nxd4 14.O-O-O Ne6 
15.Qa5 Bd7 16.Bc4 c6 17.Qxd8 Rbxd8 18.Nc3 b6 19.f4 Nc7 20.e5 Bg4 21.Rxd8 
Rxd8 22.Ne4 Nd5 23.Bxd5 Rxd5 1/2-1/2

[Event "2nd Marlboro it"]
[Site "Manila PHI"]
[Date "1974.10.09"]
[Round "4"]
[White "Kraidman, Yair"]
[Black "Pfleger, Helmut"]
[Result "0-1"]
[WhiteElo "2470"]
[BlackElo "2535"]
[EventDate "1974.10.05"]
[PlyCount "106"]

1.d4 d6 2.c4 e5 3.Nf3 exd4 4.Nxd4 g6 5.Nc3 Bg7 6.g3 Nc6 7.Nxc6 bxc6 8.Bg2 
Ne7 9.O-O O-O 10.Qd2 Be6 11.b3 Qd7 12.Bb2 Bh3 13.Rad1 Bxg2 14.Kxg2 c5 15.
Ne4 Qf5 16.Bxg7 Kxg7 17.Nc3 Qe6 18.Rfe1 h5 19.h4 Nf5 20.Qf4 f6 21.Nb5 Rf7 
22.e4 Nh6 23.f3 Rd7 24.Qd2 c6 25.Nc3 Re8 26.Re2 Nf7 27.f4 Rde7 28.Rf1 Qg4 
29.Ref2 f5 30.e5 dxe5 31.fxe5 Qd4 32.Qb2 Qxe5 33.Na4 Qxb2 34.Rxb2 Nh6 35.
Rff2 Ng4 36.Rfd2 Re5 37.Rd7+ Kf6 38.Rbd2 Re2+ 39.Rxe2 Rxe2+ 40.Kf1 Rxa2 
41.Nxc5 Ke5 42.Rd3 Nf6 43.Rf3 Ng4 44.Rd3 f4 45.gxf4+ Kxf4 46.Rd6 Nh2+ 47.
Ke1 Nf3+ 48.Kd1 Nxh4 49.Rxc6 g5 50.Rh6 Nf3 51.Ne6+ Ke3 52.Rxh5 g4 53.Ng5 
Nd4 0-1

[Event "2nd Marlboro it"]
[Site "Manila PHI"]
[Date "1974.10.09"]
[Round "4"]
[White "Naranja, Renato"]
[Black "Larsen, Bent"]
[Result "0-1"]
[WhiteElo "2395"]
[BlackElo "2630"]
[EventDate "1974.10.05"]
[PlyCount "54"]

1.c4 g6 2.Nf3 Bg7 3.d4 d6 4.g3 f5 5.Bg2 Nf6 6.O-O O-O 7.Nc3 c6 8.Qb3 Kh8 
9.Rd1 Na6 10.h3 Qe8 11.Qa3 Ne4 12.Ng5 Nxc3 13.bxc3 h6 14.Nf3 Qf7 15.d5 c5 
16.h4 Qf6 17.Rb1 Nb8 18.Bf4 Nd7 19.Rb3 Kh7 20.Rf1 a5 21.Qc1 Ra6 22.e4 Ne5 
23.Nxe5 dxe5 24.Be3 f4 25.Bxc5 g5 26.h5 f3 27.Bh1 Qf7 0-1

[Event "2nd Marlboro it"]
[Site "Manila PHI"]
[Date "1974.10.10"]
[Round "5"]
[White "Andersson, Ulf"]
[Black "Petrosian, Tigran"]
[Result "1/2-1/2"]
[WhiteElo "2580"]
[BlackElo "2640"]
[EventDate "1974.10.05"]
[PlyCount "37"]

1.c4 Nf6 2.Nf3 c6 3.b3 d5 4.Bb2 Bg4 5.e3 e6 6.Be2 Be7 7.O-O O-O 8.d3 Re8 
9.Nbd2 Nbd7 10.a3 a5 11.Re1 Bf8 12.Nf1 Qb6 13.Qc2 e5 14.h3 Bf5 15.Ng3 Bg6 
16.Rab1 h6 17.Nh4 Bh7 18.Bf1 Re6 19.e4 1/2-1/2

[Event "2nd Marlboro it"]
[Site "Manila PHI"]
[Date "1974.10.10"]
[Round "5"]
[White "Gheorghiu, Florin"]
[Black "Ljubojevic, Ljubomir"]
[Result "1-0"]
[WhiteElo "2540"]
[BlackElo "2605"]
[EventDate "1974.10.05"]
[PlyCount "87"]

1.d4 Nf6 2.c4 e6 3.Nc3 c5 4.d5 exd5 5.cxd5 g6 6.g3 d6 7.Nf3 Bg7 8.Nd2 Nbd7
9.Bg2 O-O 10.O-O Re8 11.h3 a6 12.a4 Rb8 13.Nc4 Nb6 14.Na3 Bd7 15.Bf4 Nh5 
16.Bxd6 Bxc3 17.Bxb8 Bxb2 18.Ba7 Bxa1 19.Bxb6 Qxb6 20.Qxa1 Rxe2 21.Rb1 Qc7
22.Nc4 Rxf2 23.Qe5 Qxe5 24.Nxe5 Bf5 25.Kxf2 Bxb1 26.d6 Kf8 27.Nd7+ Ke8 28.
Nxc5 Ng7 29.Bxb7 Ne6 30.Bc6+ Kd8 31.Nxe6+ fxe6 32.Ke3 e5 33.a5 Bc2 34.g4 
g5 35.Bb7 Kd7 36.Bxa6 Kxd6 37.Bd3 Ba4 38.a6 Kc7 39.Ke4 Kb6 40.Kxe5 Bc6 41.
Bf1 Be8 42.Kf6 h6 43.Kg7 h5 44.Kf6 1-0

[Event "2nd Marlboro it"]
[Site "Manila PHI"]
[Date "1974.10.10"]
[Round "5"]
[White "Kavalek, Lubomir"]
[Black "Naranja, Renato"]
[Result "1-0"]
[WhiteElo "2625"]
[BlackElo "2395"]
[EventDate "1974.10.05"]
[PlyCount "67"]

1.e4 c5 2.Nf3 e6 3.d4 cxd4 4.Nxd4 Nf6 5.Nc3 d6 6.Be2 Be7 7.O-O O-O 8.f4 
Nc6 9.Be3 Bd7 10.Nb3 a5 11.a4 e5 12.Kh1 Nb4 13.Bf3 Bc6 14.fxe5 dxe5 15.Qe2
Qc7 16.Qf2 Bd8 17.Bc5 Re8 18.Nb5 Qb8 19.Ba7 Qc8 20.Nd6 Qc7 21.Nxe8 Bxe8 
22.Bc5 b6 23.Bxb4 axb4 24.Nc1 Rxa4 25.Nd3 Be7 26.Qd2 Qd6 27.Qe3 h6 28.Rfd1
Qc7 29.Qd2 Rxa1 30.Rxa1 Qd6 31.Qf2 Bb5 32.Rd1 Qc7 33.Qd2 Bxd3 34.Qxd3 1-0

[Event "2nd Marlboro it"]
[Site "Manila PHI"]
[Date "1974.10.10"]
[Round "5"]
[White "Larsen, Bent"]
[Black "Kraidman, Yair"]
[Result "1-0"]
[WhiteElo "2630"]
[BlackElo "2470"]
[EventDate "1974.10.05"]
[PlyCount "79"]

1.g3 c5 2.Bg2 Nc6 3.Nf3 d5 4.O-O e5 5.d3 Be7 6.e4 dxe4 7.dxe4 Qxd1 8.Rxd1 
Bg4 9.c3 Rd8 10.Rxd8+ Bxd8 11.Be3 b6 12.Na3 Nge7 13.Nb5 Nc8 14.h3 Be6 15.
Bf1 f6 16.Nd2 a6 17.Na3 Nb8 18.Nc2 Be7 19.a4 Kf7 20.h4 a5 21.Bc4 Rd8 22.
Na3 Nc6 23.Bxe6+ Kxe6 24.Ndc4 h5 25.Kf1 Rd7 26.Ke2 Nd8 27.Nb5 Nb7 28.f4 
exf4 29.gxf4 f5 30.e5 Nd8 31.Rg1 Kf7 32.Nbd6+ Nxd6 33.exd6 Bxd6 34.Rd1 Ke6
35.Nxb6 Rb7 36.Nc4 Be7 37.Bxc5 Bxh4 38.Rd6+ Ke7 39.Nxa5 Rd7 40.Nc6+ 1-0

[Event "2nd Marlboro it"]
[Site "Manila PHI"]
[Date "1974.10.10"]
[Round "5"]
[White "Pfleger, Helmut"]
[Black "Vasiukov, Evgeny"]
[Result "1-0"]
[WhiteElo "2535"]
[BlackElo "2560"]
[EventDate "1974.10.05"]
[PlyCount "83"]

1.c4 e5 2.Nc3 Nf6 3.Nf3 Nc6 4.g3 Bb4 5.Bg2 O-O 6.O-O Bxc3 7.bxc3 d6 8.d3 
h6 9.e4 a6 10.a4 b6 11.Nh4 Bg4 12.Qe1 Na5 13.Ra3 Nd7 14.h3 Be6 15.f4 f6 
16.Qd1 Kh7 17.Bf3 Qe8 18.f5 Bf7 19.Kg2 Rh8 20.Ng6 Bxg6 21.fxg6+ Kg8 22.Bg4
Kf8 23.h4 Ke7 24.Bf5 Rd8 25.Ra2 Nf8 26.h5 Nd7 27.Ba3 Qg8 28.Qe2 Nc5 29.Rb1
Ncb7 30.Kh3 Qe8 31.d4 Qg8 32.c5 dxc5 33.dxc5 Nxc5 34.Bxc5+ bxc5 35.Qxa6 
Ra8 36.Rd2 Qe8 37.Qe6+ Kf8 38.Qd5 c4 39.Qc5+ Qe7 40.Qxe7+ Kxe7 41.Rd7+ Ke8
42.Rxc7 1-0

[Event "2nd Marlboro it"]
[Site "Manila PHI"]
[Date "1974.10.11"]
[Round "6"]
[White "Torre, Eugenio"]
[Black "Gheorghiu, Florin"]
[Result "1/2-1/2"]
[WhiteElo "2450"]
[BlackElo "2540"]
[EventDate "1974.10.05"]
[PlyCount "126"]

1.e4 c5 2.Nf3 e6 3.d4 cxd4 4.Nxd4 a6 5.Bd3 Nf6 6.O-O d6 7.c4 g6 8.Nc3 Bg7 
9.Be3 O-O 10.Rc1 Nbd7 11.Re1 d5 12.cxd5 exd5 13.exd5 Nb6 14.Nf3 Nbxd5 15.
Nxd5 Qxd5 16.Bc5 Rd8 17.Be7 Rd7 18.Qc2 Qxd3 19.Qxc8+ Rxc8 20.Rxc8+ Bf8 21.
Rxf8+ Kg7 22.Rxf7+ Kxf7 23.Ne5+ Kxe7 24.Nxd3+ Kf8 25.Re3 Rd4 26.Kf1 Nd5 
27.Rf3+ Ke7 28.Ke2 b6 29.Rh3 h5 30.Rg3 Kf6 31.Rf3+ Ke7 32.g3 Re4+ 33.Kd2 
Rd4 34.Ke2 Re4+ 35.Kf1 a5 36.a3 Re6 37.Ne1 Kd6 38.Rd3 Kc5 39.Nf3 Re4 40.
Nd2 Re6 41.Nf3 a4 42.Rd1 b5 43.Rc1+ Kb6 44.Nd4 Re4 45.Ne2 b4 46.Ke1 Re8 
47.Kd2 Rf8 48.Ke1 bxa3 49.bxa3 Rf3 50.Rd1 Kc5 51.Rc1+ Kb6 52.Nd4 Rxa3 53.
Rc6+ Kb7 54.Rxg6 Rd3 55.Nb5 a3 56.Nxa3 Rxa3 57.Rh6 Ra1+ 58.Ke2 Ra5 59.Kf3 
Nc7 60.Kg2 Kc8 61.Kh3 Rf5 62.f4 Nd5 63.Kh4 Ne3 1/2-1/2